000 00488nam a2200145 a 4500
001 000022303
005 20200930011657.0
008 100922s1979 dr 001 0 spa d
040 _aDO-SdBNP
_bspa
_cBNPHU
082 _aP969i
245 0 0 _aProyecto e índice genral de investigación sobre la formación económica y social de la República Dominicana durante el período 1930- 1979 /.
260 _aSanto Domingo :
_bAlfa y Omega,
_c1979.
300 _a142 P. ;
_c20 cm.
049 _aBNPD
999 _c21801
_d21801